Personnalités francophones par initiales - H/I - Statistiques

Statistiques générales
  • Ce quiz a été pris 73 fois
  • Le résultat moyen est 9 sur 25
Statistiques - réponses
Indice Réponse % Correct
HL Footballeur capitaine de l'équipe de France, de 2010 à 2023 Hugo Lloris
80%
IB Vulgarisateur et animateur de radio, son frère jumeau s'appelait Grichka Igor Bogdanoff
78%
HS Interprète de Le lion est mort ce soir et Une chanson douce Henri Salvador
72%
HP Mathématicien et physicien, son cousin Raymond fut président de la République Henri Poincaré
69%
IN Actrice qui a joué dans Tatie Danielle et Les Tuche Isabelle Nanty
60%
HB Romancier auteur de La Comédie Humaine Honoré de Balzac
58%
IJ Fille d'un célèbre couple de chimistes Irène Joliot-Curie
51%
IA Actrice qui a joué Camille Claudel et Marguerite de Valois Isabelle Adjani
49%
HD Chef cuisinière qui a obtenu six étoiles Michelin Hélène Darroze
48%
HZ Actrice et metteuse en scène, son père Claude est réalisateur Hélène Zidi
38%
HR Journaliste et présentateur du journal de 20h sur TF1, de 2006 à 2011 Harry Roselmack
34%
HM Peintre chef de file du fauvisme Henri Matisse
34%
IH Actrice à la carrière internationale considérée comme la meilleure actrice du XXIe siècle par le New-York Times Isabelle Huppert
34%
HN Actrice et animatrice de radio belge, elle est la demi-sœur de Lio Hélène Noguerra
29%
IC Actrice de téléfilms et de séries Ingrid Chauvin
23%
IM Actrice et réalisatrice au défaut de prononciation caractéristique Isabelle Mergault
23%
HC Interprète de Il est libre Max Hervé Cristiani
18%
HG Grand couturier, il a donné son nom à une marque de luxe Hubert de Givenchy
17%
HE Homme politique plusieurs fois secrétaire d'État sous F.Mitterrand Henri Emmanuelli
9%
IL Mannequin et créatrice de mode, elle a été l'égérie de Chanel Inès de La Fressange
9%
IS Journaliste d'investigation, épouse de Y.Jadot Isabelle Saporta
9%
HT Peintre et dessinateur, il est célèbre pour ses affiches publicitaires Henri de Toulouse-Lautrec
6%
HF Peintre réaliste et symboliste, il a peint Un atelier aux Batignolles Henri Fantin-Latour
3%
HV Acteur nain, il a joué Tatoo dans la série L'Île fantastique Hervé Villechaize
3%
HA Suffragette qui a fondé la société "Le Suffrage des femmes" Hubertine Auclert
3%
Aucun quiz correspondant
Distribution des résultats
% des personnes avec chaque résultat
Percentile par nombre de réponses
Votre historique - résultats
Vous n’avez pas pris ce quiz